000 00509nam a2200169Ia 4500
003 0100
005 20150401105140.0
008 130303s9999 xx 000 0 und d
040 _cARRUPELIB
050 _aBX2170.C55C646
245 2 _aA Christian's prayer book
245 _bpoems, psalms, and prayers for the Church's year
260 _aChicago IL
_bFranciscan Herald Pr.
_c1974
300 _a374p
700 _aed. by Peter Coughlan, Ronald C.D. Jasper, Teresa Rodrigues
_916838
942 _2lcc
_cMONOGRAPH
999 _c30814
_d30814